Statistics for Japanese Food Names

Click here to take the quiz!

General Stats

  • This quiz has been taken 1,585 times
  • The average score is 4 of 8

Answer Stats

HintAnswer% Correct
rice with sashimi on topsushi
91%
octopus ballstakoyaki
76%
thick noodles with dashi soupudon
73%
pancake like savory food filled with cabbage and other veggiesokonomiyaki
53%
fried noodlesyakisoba
51%
fish shaped cake filled with red bean pastetaiyaki
43%
two pancakes filled with red bean pastedorayaki
35%
mochi filled with red bean pastedaifuku
27%

Score Distribution

Percentile by Number Answered

Percent of People with Each Score

Your Score History

You have not taken this quiz